Statistiques concernant Séries commençant par la lettre J

Cliquez ici pour prendre le quiz!

Statistiques générales

  • Ce quiz a été pris 121 fois
  • Le résultat moyen est 4 sur 7

Statistiques - réponses

Réponse% Correct
Joséphine, Ange Gardien
93%
Jimmy Neutron
74%
Jane the Virgin
66%
Jonas L.A
62%
Jessie
55%
Julie Lescaut
53%
Jusqu'ici Tout Va Bien
24%

Distribution des résultats

Percentile par nombre de réponses

% des personnes avec chaque résultat

Votre développement - résultats

Vous n’avez pas pris ce quiz